| 000 | 01198nam a22002057a 4500 | ||
|---|---|---|---|
| 008 | 241018e20241010xxk|||||o|||| 00| 0 eng d | ||
| 041 | _aeng | ||
| 110 | _aRoyal Institution of Chartered Surveyors | ||
| 245 |
_aUK Residential Market Survey _bSeptember 2024 _h[Electronic resource] |
||
| 260 |
_aLondon, _bRoyal Institution of Chartered Surveyors, _cOctober 2024 |
||
| 300 | _a17p | ||
| 490 | _aRICS UK Residential Market Survey | ||
| 520 | _aThe September 2024 RICS Residential Survey results point to a sustained improvement in market activity, with measures of demand, sales and new listings all continuing to return positive readings. Moreover, forward-looking sentiment is consistent with further modest growth in headline sales volumes over the coming months, while expectations for the year ahead are also firmly in expansionary territory. | ||
| 650 | _aHOUSING MARKET | ||
| 650 | _aRESIDENTIAL PROPERTY | ||
| 651 | _aUnited Kingdom | ||
| 710 | _aRoyal Institution of Chartered Surveyors | ||
| 856 |
_uhttps://www.rics.org/content/dam/ricsglobal/documents/market-surveys/September_2024_RICS_UK_Residential_Market_Survey.pdf _zAvailable free on RICS.org |
||
| 942 | _n0 | ||
| 999 |
_c122031 _d122031 |
||